Plantation Bamboo (Record no. 32330)
[ view plain ]
| 000 -LEADER | |
|---|---|
| fixed length control field | 00475nam a22001697a 4500 |
| 003 - CONTROL NUMBER IDENTIFIER | |
| control field | OSt |
| 005 - DATE AND TIME OF LATEST TRANSACTION | |
| control field | 20220308151836.0 |
| 008 - FIXED-LENGTH DATA ELEMENTS--GENERAL INFORMATION | |
| fixed length control field | 220308b |||||||| |||| 00| 0 eng d |
| 020 ## - INTERNATIONAL STANDARD BOOK NUMBER | |
| International Standard Book Number | 8170892457 |
| 040 ## - CATALOGING SOURCE | |
| Transcribing agency | HU |
| 082 ## - DEWEY DECIMAL CLASSIFICATION NUMBER | |
| Classification number | 635.9/3493 |
| 100 ## - MAIN ENTRY--PERSONAL NAME | |
| Personal name | Shanmugavel DR.P. |
| 9 (RLIN) | 32355 |
| 245 ## - TITLE STATEMENT | |
| Title | Plantation Bamboo |
| Statement of responsibility, etc. | Shanmugavel DR.P.Francis Dr.k. & George Dr.M. |
| 260 ## - PUBLICATION, DISTRIBUTION, ETC. | |
| Place of publication, distribution, etc. | INDIA |
| Name of publisher, distributor, etc. | INTERNATIONAL BOOK DISTRIBUTORS |
| Date of publication, distribution, etc. | 1997 |
| 300 ## - PHYSICAL DESCRIPTION | |
| Extent | Xiii,191 p |
| Other physical details | hc |
| Dimensions | 25 |
| 942 ## - ADDED ENTRY ELEMENTS (KOHA) | |
| Source of classification or shelving scheme | Dewey Decimal Classification |
| Koha item type | Books like text book referance book |
| Suppress in OPAC | No |
| Withdrawn status | Lost status | Source of classification or shelving scheme | Damaged status | Not for loan | Collection code | Home library | Current library | Shelving location | Date acquired | Total Checkouts | Full call number | Barcode | Date last seen | Copy number | Price effective from | Koha item type |
|---|---|---|---|---|---|---|---|---|---|---|---|---|---|---|---|---|
| Dewey Decimal Classification | Damaged | Reference | Wondo Genet Library | Wondo Genet Library | General Stacks | 03/08/2022 | 635.9/3493 SHA 1997 | WGCFNRL00012606 | 03/08/2022 | 1 | 03/08/2022 | Books like text book referance book |